000 00958nam a2200289 i 4500
001 194485
003 SpMaBN
005 20240528062814.0
008 240430s1974 sp spa
016 7 _abimoBNE19995770313
_zIND9600714538
_2SpMaBN
017 _aB 30565-1974
_bOficina Depósito Legal Barcelona
020 _a8437700116
035 _a(OCoLC)433122407
035 _abimo0001321332
040 _aSpMaBN
_bspa
_cCDM
_dES-MaACL
080 _a860-1"19"(082.2)
245 0 0 _aPoetas españoles postcontemporáneos
260 _aBarcelona :
_bJosé Batlló,
_c1974.
300 _a338 p., 1 h. ;
_c20 cm
490 1 _aEl bardo. Colección de Poesía ;
_vv. 99-100
650 4 _aPoesías españolas-
_yS.XX
_2embne
_916221
655 7 _2tgfbne
_aPoesías
_9176539
830 _9235922
_aEl Bardo (Batlló, José) ;
_v 99-100
942 _cMONOGRAFIA
999 _c194485
_d194485